banner koha

O bambu uma nova materia-prima para producao de etanol [Bambusa spp; Alcool; Brasil] (Registro n. 107027)

MARC details
000 -LÍDER
campo de controle de tamanho fixo 00941nas a2200289 4500
001 - NÚMERO DE CONTROLE
campo de controle BR8103006
003 - IDENTIFICADOR DO NÚMERO DE CONTROLE
campo de controle BR-BrBNA
005 - DATA E HORÁRIO DA ÚLTIMA TRANSAÇÃO
campo de controle 20231205084738.0
007 - CAMPO FIXO DE DESCRIÇÃO FÍSICA--INFORMAÇÃO GERAL
campo de controle de tamanho fixo ta
008 - CAMPO DE DADOS FIXOS--INFORMAÇÃO GERAL
campo de controle de tamanho fixo 230509b bl.|||p| |||| 00| 00por d
040 ## - FONTE DA CATALOGAÇÃO
Instituição da catalogação original BR-BrBNA
Idioma da catalogação por
Instituição que transcreveu o registro Biblioteca Nacional de Agricultura
041 ## - CÓDIGO DE IDIOMA
Código do idioma do texto/trilha sonora ou título diferente (Pt)
072 ## - CÓDIGO DE CATEGORIA DE ASSUNTO
Código de Categoria de Assunto F00; P05
100 1# - ENTRADA PRINCIPAL--NOME PESSOAL
Nome pessoal Menezes, T.J.B. de
100 1# - ENTRADA PRINCIPAL--NOME PESSOAL
Nome pessoal Azzini, A.
245 1# - TÍTULO
Título O bambu uma nova materia-prima para producao de etanol [Bambusa spp; Alcool; Brasil]
246 1# - FORMA VARIANTE DO TÍTULO
Título/título abreviado Bamboo new raw-material for ethanol production [Bambusa spp; Alcohol; Brazil]
650 ## - ASSUNTO--TERMO TÓPICO
Cabeçalho tópico ou nome geográfico Producao vegetal
650 ## - ASSUNTO--TERMO TÓPICO
Cabeçalho tópico ou nome geográfico Recurso energetico
650 ## - ASSUNTO--TERMO TÓPICO
Cabeçalho tópico ou nome geográfico Bambu
650 ## - ASSUNTO--TERMO TÓPICO
Cabeçalho tópico ou nome geográfico Alcool
650 ## - ASSUNTO--TERMO TÓPICO
Cabeçalho tópico ou nome geográfico Industrializacao
650 ## - ASSUNTO--TERMO TÓPICO
Cabeçalho tópico ou nome geográfico Etanol
773 0# - ENTRADA ANALÍTICA
Título Boletim do Instituto de Tecnologia de Alimentos (Brazil)
ISSN - International Standard Serial Number ISSN 0366-0281
Partes relacionadas (Apr 1981), v. 18(2) p. 145-154
Número de controle do registro BR8103006
909 ## -
-- 202311
-- Lúcia
-- 55
-- Lúcia Elande
942 ## - ELEMENTOS DE ENTRADA ADICIONADOS (KOHA)
Fonte da classificação ou esquema de arquivamento na estante Classificação AGRIS
Ocultar no OPAC Não
Tipo de material Koha Analítica
Exemplares
Situação do descarte Fonte da classificação ou esquema de arquivamento na estante Situação física Não pode ser emprestado Biblioteca de origem Biblioteca atual Localização na estante Enumeração do periódico / cronologia Total de empréstimos Data de último acesso Número do exemplar Tipo de material Koha Fonte de aquisição
  Classificação AGRIS   Consulta local Biblioteca Nacional de Agricultura - Binagri Biblioteca Nacional de Agricultura - Binagri   (Apr 1981), v. 18(2) p. 145-154   29/11/2023 01 Periódicos Portaria Interministerial nº 164/94

BINAGRI

Telefone: (61)3218-2567/2388/3357/2097 - binagri@agro.gov.br

Ministério da Agricultura e Pecuária , Esplanada dos Ministérios, Bloco D, Anexo B, Brasília/DF, CEP: 70.043-900